Lanean...

Nelson's first French Course. /

Xehetasun bibliografikoak
Egile nagusia: Ritchie, R. L. Graeme
Beste egile batzuk: Moore, James M.
Hizkuntza:Undetermined
Argitaratua: 1945.
Edizioa:2nd ed.
Saila:Nelson's modern studies series
Gaiak:
LEADER 00519nam a2200169Ia 4500
001 69043
008 170722s9999 xx 000 0 und d
100 |a Ritchie, R. L. Graeme 
245 |a Nelson's first French Course. / 
250 |a 2nd ed. 
260 |c 1945. 
490 |a Nelson's modern studies series 
653 |a French, Materials For Pratice 
700 |a Moore, James M. 
942 |c GEN 
999 |c 36220  |d 36220 
952 |0 0  |1 0  |4 0  |6 P_1229_F91  |7 0  |9 47550  |a LIB  |b LIB  |d 2017-08-12  |o P122,9 F91  |p 29449  |r 2017-08-12  |w 2017-08-12  |y GEN